1496 1630 1647 1748 1087 1852 1684 1203 1589 1284 1589 2000 1387 1476 1262 1779 1247 1314 1118 1108 1097 1262 1178 1336 1337 1822 1544 1786 1494 1730 1670 1515 1917 1813 1890 1241 1882 1768 1969 1827 1724 1232 1470 1199 1280 1720 1438 1868 1063 1390 1602 1940 1134 1543 1812 1410 1016 1803 1661 1450 1932 1891 1404 1724 1439 1420 1745 1524 1067 1984 1435 1415 1036 1939 1220 1638 1558 1521 1288 1429 1359 1768 1209 1984 1359 1156 1361 1247 1789 1095 1575 1160 1262 1095 1927 1277 1374 1390 1338 BCNSPRNW ULIB Ver.6.0+V

เปลี่ยนเป็นภาษาไทย

Change to English
 แสดงรายละเอียดบรรณานุกรม
  กลับหน้าหลัก

Brief Record : Get Marc (ISO 2709) : E-mail record : QR code < ปิดหน้าต่าง
LEADER : 00000nam 2200000uu 4500
001    13399126792
003     ULIB
008    190306s2561||||th 000 0 tha d
020    ^a9786163882462
050    ^aJF355.42^bอ133ม
100    ^aอดุลย์ รัตนมั่นเกษม
245    ^aมหายุทธการพิชิตศึก : บทเรียนสำหรับนักบริหาร/^cอดุลย์ รัตนมั่นเกษม
250    ^aพิมพ์ครั้งที่ 2
260    ^aกรุงเทพฯ :^bแสงดาว,^c2561
300    ^a272 หน้า;^b21 ซม.
650    ^aพิชัยสงคราม
650    ^aยุทธศาสตร์
650    ^aการบริหาร
945    ^p240^l0^i27287
999    ^aกัณชพร จุลอักษร
รายการนี้ยังไม่มีแท็ก
คุณยังไม่ได้ล็อกอิน คุณสามารถมีกิจกรรมร่วมกับเว็บไซต์ได้ แต่ต้องล็อกอินก่อน ::
  ล็อกอิน

รายการสื่อสารสนเทศ

ลำดับที่ ประเภท เลขเรียก/บาร์โค้ด สถานที่ สถานะ
1. วิทยาศาสตร์การแพทย์ และสุขภาพ
วิทยาศาสตร์การแพทย์ และสุขภาพ
JF355.42 อ133ม ฉ.1 
  Barcode: 27287
ห้องสมุดวิทยาเขตสวรรค์ประชารักษ์
►นวนิยาย
บนชั้น
  ขอยืม

รายการใกล้เคียง
    ผู้แต่ง [อดุลย์ รัตนมั่นเกษม]

    หัวเรื่อง [พิชัยสงคราม]
    หัวเรื่อง [ยุทธศาสตร์]
    หัวเรื่อง [การบริหาร]

BibComment


ยังไม่เคยถูกคอมเมนท์

คอมเมนท์ทรัพยากรรายการนี้
  คอมเมนท์: มหายุทธการพิชิตศ..


 Copyright 2026. Bcnsprnw @Library